000 00490nam a2200181Ia 4500
005 20250326142548.0
008 250326s9999 xx 000 0 und d
037 _aTextbook
040 _aFMSL
_beng
_cFMSL
041 _aeng
_2eng
084 _qFMSL
100 _aNeelamegham S
245 0 _aMarketing in India : cases and readdings.
_cNeelamegham S
260 _aNew Delhi
_bNew Delhi, Viks publishing house.
_c1988
300 _a952p
942 _cTB
999 _c1295600
_d1295600